| 000 | 00365nam a22001577a 4500 | ||
|---|---|---|---|
| 003 | OSt | ||
| 008 | 230508b |||||||| |||| 00| 0 eng d | ||
| 020 | _a9788194904090 | ||
| 041 | _aeng | ||
| 082 |
_a660.284 _bHAR/AL |
||
| 100 |
_aHarden,Arthur _95433 |
||
| 245 | _aAlcoholic fermentation | ||
| 260 |
_aChennai _bMaxwell press _c2021 |
||
| 300 | _a156 | ||
| 942 | _cBK | ||
| 999 |
_c17672 _d17672 |
||